TB OF PHARMACOLOGY, PATHOLOGY & GENETICS FOR NURSES VOLUME-1 (Record no. 21907)

MARC details
000 -LEADER
fixed length control field 00377nam a22001577a 4500
003 - CONTROL NUMBER IDENTIFIER
control field SGT
020 ## - INTERNATIONAL STANDARD BOOK NUMBER
International Standard Book Number 9789351526735
082 ## - DEWEY DECIMAL CLASSIFICATION NUMBER
Classification number 615
Item number P16S
100 ## - MAIN ENTRY--PERSONAL NAME
Personal name SHARMA, SURESH K.
245 ## - TITLE STATEMENT
Title TB OF PHARMACOLOGY, PATHOLOGY & GENETICS FOR NURSES VOLUME-1
250 ## - EDITION STATEMENT
Edition statement 1ST
260 ## - PUBLICATION, DISTRIBUTION, ETC. (IMPRINT)
Place of publication, distribution, etc INDIA
Name of publisher, distributor, etc JAYPEE PUB
Year of Publication 2016
300 ## - PAGE DESCRIPTION
No. of Pages 549
650 ## - SUBJECT ADDED ENTRY--TOPICAL TERM
Topical term or geographic name as entry element PHARMACOLOGY
942 ## - ADDED ENTRY ELEMENTS (KOHA)
Source of classification or shelving scheme Dewey Decimal Classification
Koha item type Books
942 ## - ADDED ENTRY ELEMENTS (KOHA)
-- 215
Holdings
Withdrawn status Lost status Source of classification or shelving scheme Damaged status Not for loan Collection code Home library Current library Shelving location Date acquired Vendor Name Cost, normal purchase price Volume Information (Serial or Books or Non-Book Material) SGTU Bill Number Total Checkouts Full call number Accession No. (Barcode) Checked out Date last seen Date last borrowed Bill Date Koha item type Total Renewals
    Dewey Decimal Classification     NURSING SGT Medical Library SGT Medical Library Text Book 01/10/2021 JAYPEE PUB 1095.00 VOLUME-1 SGTU N5/INV/-1/21-00076 22 615 P16S FN4331 08/06/2026 25/05/2026 25/05/2026   Books  
    Dewey Decimal Classification     NURSING SGT Medical Library SGT Medical Library Text Book 01/10/2021 JAYPEE PUB 1095.00 VOLUME-1 SGTU N5/INV/-1/21-00076 68 615 P16S FN4332   06/04/2026 31/03/2026   Books 1
    Dewey Decimal Classification     NURSING SGT Medical Library SGT Medical Library Text Book 01/10/2021 JAYPEE PUB 1095.00 VOLUME-1 SGTU N5/INV/-1/21-00076 71 615 P16S FN4333 05/06/2026 22/05/2026 22/05/2026   Books 1
    Dewey Decimal Classification     NURSING SGT Medical Library SGT Medical Library Text Book 01/10/2021 JAYPEE PUB 1095.00 VOLUME-1 SGTU N5/INV/-1/21-00076 81 615 P16S FN4334 04/06/2026 21/05/2026 21/05/2026   Books 2
    Dewey Decimal Classification     NURSING SGT Medical Library SGT Medical Library Text Book 01/10/2021 JAYPEE PUB 1095.00 VOLUME-1 SGTU N5/INV/-1/21-00076 75 615 P16S FN4335 01/06/2026 18/05/2026 18/05/2026   Books